[Event "FIDE World Cup 2017"]
[Site "Tbilisi"]
[Date "2017.09.11"]
[Round "3.5"]
[White "Aronian, Levon"]
[Black "Matlakov, Maxim"]
[Result "1-0"]
[WhiteElo "2802"]
[BlackElo "2728"]
[Annotator "TA"]
[PlyCount "105"]
[EventDate "2017.??.??"]
[EventType "k.o."]
[EventCountry "GEO"]
[SourceTitle "playchess.com"]
[Source "ChessBase"]
[SourceQuality "1"]

{[%evp 16,105,17,14,17,17,17,19,13,2,4,0,18,14,32,34,42,31,39,20,32,35,45,46,57,36,50,40,45,37,54,54,52,53,54,48,53,50,46,44,52,59,52,29,33,33,24,0,0,0,0,0,0,0,0,0,0,-16,9,10,49,9,8,0,0,0,0,-17,42,31,58,58,50,14,15,15,15,15,15,15,15,14,51,58,267,16,985,982,796,803,1581,1537]} 1. Nf3 d5 2. g3 Bg4 3. Bg2 c6 4. c4 e6 5. O-O Nf6 6. d3 Bd6 {A11: English Opening: 1...c6} 7. Qb3 Qb6 8. Be3 Qxb3 9. axb3 {LiveBook: 3 Games} a6 10. h3 Bxf3 11. Bxf3 Nbd7 12. Rc1 $146 ({Find the theoretical novelty and annotate with similar games:} 12. Bg2 O-O 13. g4 Ne8 14. Nc3 {1-0 (66) Wang,H (2752)-Meier,G (2610) Dortmund 2013}) 12... Ke7 13. Nc3 {[%cal Bb1c3,Bc3e2,Be2f4][%mdl 32]} Rhc8 14. d4 Kf8 15. Bd2 Be7 16. e3 Nb6 17. Ne2 Ne4 18. Be1 f5 19. Nf4 Kf7 20. Nd3 Nd7 21. Be2 Bd6 22. b4 {[%cal Bb3b4,Bb4c5][%mdl 32]} dxc4 23. Nc5 Ndxc5 24. bxc5 Bc7 25. Bxc4 Ke7 26. Kg2 Rd8 27. Ra4 Rd7 28. f3 Nf6 29. Bf2 e5 30. Rb4 Rb8 31. g4 exd4 32. exd4 Nd5 33. Re1+ Kf6 34. Bxd5 Rxd5 35. Re2 Rd7 36. b3 (36. f4 $5) 36... h5 37. gxh5 a5 38. Rc4 (38. Ra4 {with more complications.} Kg5 39. Re6 Rh8 40. b4 axb4 41. Rxb4 Bd8 42. Rd6) 38... Rh8 39. b4 Rxh5 40. bxa5 Bxa5 41. Ra2 Bc7 ({Black should play} 41... Bd8 $1 $11) 42. Rb4 $14 Rg5+ 43. Kf1 Bg3 $1 44. Ra7 Bxf2 45. Kxf2 f4 $1 46. Raxb7 Rxb7 47. Rxb7 $11 {[%mdl 4096] Endgame KR-KR} Rd5 48. Rb4 {Hoping for Ke2.} Kg5 49. Ke2 {Threatens to win with Kd3.} Kh4 $2 {[#]} (49... Rd7 $14) 50. Kd3 $1 $18 {Black must now prevent Rb6.} Kg3 $2 {[%mdl 8192]} (50... Rd7 $11) 51. Rb6 {White is clearly winning.} Kxf3 52. Rxc6 g5 53. Rg6 {Precision: White = 61%, Black = 32%.} 1-0

[Event "FIDE World Cup 2017"]
[Site "Tbilisi"]
[Date "2017.09.11"]
[Round "3.5"]
[White "Giri, Anish"]
[Black "Sethuraman, S P"]
[Result "1-0"]
[WhiteElo "2777"]
[BlackElo "2617"]
[Annotator "TA"]
[PlyCount "65"]
[EventDate "2017.??.??"]
[EventType "k.o."]
[EventCountry "GEO"]
[SourceTitle "playchess.com"]
[Source "ChessBase"]
[SourceQuality "1"]

{[%evp 17,65,11,19,0,10,0,0,0,0,0,0,0,25,0,0,-9,-5,-12,0,-9,-10,-15,0,0,27,16,28,31,41,0,38,39,265,263,264,201,201,195,194,196,193,206,282,273,313,278,5883,5801,29984,304]} 1. Nf3 Nf6 2. g3 d5 3. Bg2 e6 4. O-O Be7 5. c4 O-O 6. d4 dxc4 7. Qc2 a6 8. a4 c5 9. dxc5 Bxc5 {LiveBook: 51 Games. E05: Open Catalan: 5 Nf3 Be7} 10. Bg5 (10. Qxc4 b6 11. Ne5 Ra7 12. Nc3 Bb7 13. Bxb7 Rxb7 14. Bg5 h6 15. Rad1 Qe7 16. Bxf6 Qxf6 17. Nd3 {1-0 (73) Aronian,L (2792)-Topalov,V (2761) Leuven 2016}) 10... h6 11. Bxf6 Qxf6 {The position is equal.} 12. Nbd2 Bd7 $146 ({Predecessor:} 12... Qe7 13. Ne5 Nd7 14. Ndxc4 Nxe5 15. Nxe5 {½-½ (15) Kvicala,M (2045)-Trapl,D (2130) Ostrava 2010}) 13. Ne4 Qe7 14. Ne5 Rc8 15. Nxc5 Rxc5 16. Bxb7 (16. Nxc4 {is interesting.} Nc6 17. Qb3 Rd8 18. Rfd1 e5 19. Nd6) 16... Ra7 17. Nxd7 Nxd7 18. Bg2 a5 19. Rfd1 Rac7 20. Qc3 Qf6 21. Rd6 Qe5 22. Rad1 Nf6 23. e4 {[%cal Be2e4,Be4e5][%mdl 32]} Qh5 24. h3 Qg6 $2 {[#]} ({Black should play} 24... Kh7 $14) 25. e5 $1 $18 {[%cal Re5f6]} Ne4 26. Rd8+ Kh7 27. Qe3 f5 28. exf6 $1 Nxf6 29. Qxe6 c3 30. bxc3 Rxc3 31. R1d4 {Black must now prevent Be4.} h5 $2 (31... Qf7 32. Qf5+ g6 33. Qxa5 Qe7) 32. Be4 Nxe4 {[#]} 33. Rh8+ $1 {[%mdl 512] Precision: White = 60%, Black = 34%.} 1-0

[Event "FIDE World Cup 2017"]
[Site "Tbilisi"]
[Date "2017.09.11"]
[Round "3.5"]
[White "Navara, David"]
[Black "Grischuk, Alexander"]
[Result "1/2-1/2"]
[WhiteElo "2720"]
[BlackElo "2788"]
[Annotator "TA"]
[PlyCount "84"]
[EventDate "2017.??.??"]
[EventType "k.o."]
[EventCountry "GEO"]
[SourceTitle "playchess.com"]
[Source "ChessBase"]
[SourceQuality "1"]

{[%evp 22,84,4,0,4,7,-7,-34,0,0,0,-60,-17,-95,-74,-81,23,0,0,0,0,0,0,0,8,0,0,-11,-22,-13,-5,-10,-8,-10,0,0,0,0,0,0,0,0,0,0,0,0,0,-7,0,0,0,0,0,0,0,0,0,0,0,0,0,0,0,0,0]} 1. e4 e5 2. Nf3 Nc6 3. Bb5 Nf6 4. O-O Nxe4 5. d4 Nd6 6. Bxc6 dxc6 7. dxe5 Nf5 8. Qxd8+ Kxd8 9. h3 Be7 {C67: Ruy Lopez: Berlin Defence: 4 0-0 Nxe4} 10. Nc3 Nh4 11. Nxh4 Bxh4 12. Be3 {LiveBook: 5 Games} Bd7 $146 ({Predecessor:} 12... h5 13. Rad1+ Ke8 14. Ne2 b6 15. a4 c5 16. Nc3 Bf5 17. Nb5 {1-0 (55) Vachier Lagrave,M (2796)-Adams,M (2751) Caleta 2017}) 13. Rad1 Kc8 14. g4 Re8 15. f4 h5 16. Rd4 ({White should play} 16. Bf2 $11 Bxf2+ 17. Rxf2 hxg4 18. Rg2) 16... c5 17. Re4 (17. Rd2 $11) 17... b6 18. Bf2 f5 (18... Be7 $17 19. Re3 hxg4 20. hxg4 Kb7) 19. Re3 (19. Ree1 {seems wilder.} Bxf2+ 20. Rxf2 hxg4 21. hxg4 Kb7 22. g5) 19... Bxf2+ {The position is equal.} 20. Rxf2 hxg4 21. hxg4 fxg4 22. f5 Kb7 23. Rf4 Rh8 24. e6 Bc6 25. Rxg4 Rh5 26. Rxg7 {[#] Black must now prevent f6.} Rxf5 27. Ne4 {White threatens Nd6+ and mate.} Bxe4 (27... Rd8 $5 {[%cal Rd8d1]} 28. Re1 Rf4 $11) 28. Rxe4 $11 {[%mdl 4096] Endgame KRR-KRR} Re8 29. Kg2 Kc6 30. c4 Rf6 31. e7 Kd7 32. Re2 Re6 33. Rxe6 Kxe6 34. Kf3 Rxe7 (34... Kf6 {looks sharper.} 35. Rh7 Kg6 36. Rh4 Rxe7 37. Rg4+ Kf5) 35. Rxe7+ Kxe7 {KP-KP} 36. Ke4 Ke6 37. Kf4 a6 38. a4 a5 39. Ke4 $1 c6 40. Kf4 Kf6 (40... b5 $5 41. axb5 (41. cxb5 cxb5 42. axb5 Kd7 $11) 41... cxb5 42. cxb5 Kd7 $11) 41. Ke4 Ke6 42. Kf4 Kf6 {Precision: White = 66%, Black = 60%.} 1/2-1/2

[Event "FIDE World Cup 2017"]
[Site "Tbilisi"]
[Date "2017.09.11"]
[Round "3.6"]
[White "Grischuk, Alexander"]
[Black "Navara, David"]
[Result "1-0"]
[WhiteElo "2788"]
[BlackElo "2720"]
[Annotator "TA"]
[PlyCount "89"]
[EventDate "2017.??.??"]
[EventType "k.o."]
[EventCountry "GEO"]
[SourceTitle "playchess.com"]
[Source "ChessBase"]
[SourceQuality "1"]

{[%evp 22,89,25,17,66,37,70,31,118,107,126,113,111,109,125,108,343,320,350,336,305,216,216,224,550,538,533,540,536,253,236,227,234,196,203,206,199,200,771,457,364,328,327,325,321,317,317,313,311,303,325,317,367,360,352,352,378,357,399,396,396,395,504,386,852,837,781,813,789,559]} 1. Nf3 Nf6 2. g3 c5 3. Bg2 g6 4. c4 Bg7 5. d4 cxd4 6. Nxd4 Nc6 7. Nc3 O-O 8. O-O Qa5 9. Nb3 Qh5 10. Nd5 {A39: Symmetrical English vs ...g6: 4 Bg2 Bg7 5 Nf3 Nf6 6 0-0 0-0 7 d4} (10. e4 d6 11. Qxh5 Nxh5 12. Nd5 a5 13. Rb1 a4 14. Nd2 Nf6 15. Re1 Nxd5 16. exd5 Nb4 17. a3 Nd3 {0-1 (50) Topalov,V (2761)-Caruana,F (2804) Leuven 2016}) 10... d6 11. Nf4 Qe5 12. e4 {LiveBook: 5 Games. White has an edge.} a5 (12... Nxe4 $2 13. Re1 $16) 13. a4 $1 Nb4 {[#]} (13... Nxe4 $2 14. Re1 $18) 14. Re1 $146 ({Find the theoretical novelty and annotate with similar games:} 14. Bd2 Nxe4 15. Re1 Nxf2 16. Kxf2 Qxb2 17. Be4 Bg4 {1-0 (33) Jones,G (2650)-Szczepkowska,K (2411) Warsaw 2016}) 14... Re8 {[#]} (14... g5 $14) 15. Bd2 $1 $16 Nh5 16. Bc3 Qg5 17. h4 $36 {[%mdl 2048] White is in control.} Qh6 18. Bd2 {Hoping for Nd5.} Bxb2 $2 {[#]} (18... Nxf4 $16 19. Bxf4 g5 20. hxg5 (20. Bxg5 Qe6 $16) 20... Qg6) 19. Ne6 $1 $18 {[%mdl 512]} g5 (19... Bxe6 20. Bxh6) 20. Nc7 Bxa1 21. Nxa1 (21. Nxa8 Bf6 $16) (21. Bxg5 Qg6 $16) 21... Bd7 22. e5 (22. Nxe8 $6 Rxe8 23. hxg5 (23. Bxg5 Qg6 $14) 23... Qg6 $16) (22. hxg5 $6 Qg6 $16) 22... Nd3 $2 (22... Ng7 {is more resistant.} 23. Bxg5 (23. Nxa8 Rxa8 24. Bxg5 Qe6 $16) (23. Nxe8 Rxe8 24. Bxg5 Qe6 $14) 23... Qh5) 23. Bxg5 Qg6 24. Be4 Bf5 25. Bxd3 (25. Qxd3 $142 Bxe4 26. Rxe4 dxe5 27. Nxa8 Rxa8 28. Bxe7) 25... Bxd3 26. exd6 (26. Nxa8 $6 Rxa8 27. exd6 exd6 $16) (26. Nxe8 $6 Rxe8 27. exd6 f6 $16) 26... f6 27. d7 ({Don't take} 27. Nxa8 $6 Rxa8 28. Qf3 (28. dxe7 fxg5 29. Re3 Re8 $16) 28... exd6) (27. Nxe8 $6 Rxe8 28. Rxe7 Rxe7 $16) (27. dxe7 $6 fxg5 28. Re6 (28. Nxa8 gxh4 29. Nc7 hxg3 $11) (28. Nxe8 Rxe8 29. hxg5 Bxc4 $17) 28... Qg7 $16) 27... Red8 28. Nxa8 fxg5 29. Rxe7 Rxa8 $2 (29... gxh4 30. Re8+ Rxe8 31. dxe8=B (31. dxe8=R+ Qxe8 32. Qxd3 Qe1+ 33. Qf1 Qc3 $16) 31... Qxe8 32. Qxd3 Qe1+ 33. Qf1 Qc3) 30. hxg5 {And now Qe1 would win.} Rd8 31. Re8+ Rxe8 32. dxe8=Q+ ({But not} 32. dxe8=B Qxe8 33. Qxd3 Qe1+ 34. Qf1 Qxf1+ 35. Kxf1 Ng7) 32... Qxe8 33. Qxd3 Qe1+ 34. Qf1 Qe5 {intending ...Nxg3.} 35. Nc2 Qxg5 36. Qd3 Nf6 37. Qd8+ Kf7 {Strongly threatening ...Qc1+.} 38. Qc7+ Kg6 {White must now prevent ...Qc1+.} 39. Ne3 Ne4 40. Qxb7 Qe5 41. Qc6+ Kf7 42. Qd7+ Qe7 $2 (42... Kg6 43. Qc6+ Nf6) 43. Qd5+ {White is clearly winning.} Qe6 44. Qxa5 Nf6 45. Qf5 {Precision: White = 69%, Black = 25%.} 1-0

[Event "FIDE World Cup 2017"]
[Site "Tbilisi"]
[Date "2017.09.11"]
[Round "3.6"]
[White "Matlakov, Maxim"]
[Black "Aronian, Levon"]
[Result "1-0"]
[WhiteElo "2728"]
[BlackElo "2802"]
[Annotator "TA"]
[PlyCount "59"]
[EventDate "2017.??.??"]
[EventType "k.o."]
[EventCountry "GEO"]
[SourceTitle "playchess.com"]
[Source "ChessBase"]
[SourceQuality "1"]

{[%evp 23,59,20,18,21,45,32,56,38,37,27,22,15,25,30,27,23,33,26,34,17,23,36,90,89,114,125,125,113,316,329,325,319,541,530,2725,2732,1616,1616]} 1. d4 d5 2. c4 c6 3. Nf3 Nf6 4. Nc3 dxc4 5. a4 Bf5 6. Ne5 e6 7. f3 c5 8. e4 {D17: Slav Defence: 5 a4 Bf5: Lines with 6 Nh4 and 6 Ne5} Bg6 9. Be3 cxd4 10. Qxd4 Qxd4 11. Bxd4 Nfd7 12. Nxd7 Nxd7 {LiveBook: 93 Games} 13. Bxc4 a6 14. h4 {h5 is the strong threat.} (14. Rc1 Rc8 15. Na2 Rg8 {1-0 (45) Lenic,L (2622)-Mastrovasilis,D (2601) Baku 2016}) 14... h6 15. Rd1 Rg8 {[#]} 16. Kf2 $146 (16. h5 $5 {[%cal Rh5g6]} Bh7 17. Kf2 $14) 16... Rc8 17. Ba2 Bb4 18. h5 Bh7 19. Rd2 $36 {[%mdl 2048] White fights for an advantage.} Ke7 20. Rhd1 {Threatens to win with Bxg7!} f6 21. f4 {Hoping for f5!} Rgd8 22. f5 Nc5 (22... Bg8 $14) 23. Kf3 $1 $16 exf5 24. exf5 Bxf5 25. g4 Bh7 $2 {[#]} (25... Rxd4 $16 {might work better.} 26. Rxd4 Bxc3 27. bxc3 Bc2) 26. Bxc5+ $1 $18 Bxc5 {[#]} 27. Nd5+ $1 Rxd5 $2 (27... Kf8 28. Nxf6 Bd3) 28. Rxd5 {White is clearly winning.} Bc2 29. Re1+ Kf8 30. Rd7 {Precision: White = 66%, Black = 18%.} 1-0

[Event "FIDE World Cup 2017"]
[Site "Tbilisi"]
[Date "2017.09.11"]
[Round "3.6"]
[White "Sethuraman, S P"]
[Black "Giri, Anish"]
[Result "0-1"]
[WhiteElo "2617"]
[BlackElo "2777"]
[Annotator "TA"]
[PlyCount "106"]
[EventDate "2017.??.??"]
[EventType "k.o."]
[EventCountry "GEO"]
[SourceTitle "playchess.com"]
[Source "ChessBase"]
[SourceQuality "1"]

{[%evp 18,106,14,17,20,-79,-13,0,0,-47,-43,-36,-50,-86,-33,-27,-25,-36,-24,-32,-25,-25,-25,-34,-30,-20,0,-8,-16,-66,-84,-89,-94,-122,-121,-158,-145,-143,-143,-126,-123,-189,-180,-381,-365,-391,-404,-385,-395,-531,-541,-641,-629,-624,-621,-736,-756,-755,-650,-565,0,-744,-710,-770,-767,-717,0,-760,-731,-888,-768,-710,0,-882,-882,-1279,-1276,-1264,-1244,-5018,-1493,-2798,-1261,-29982,-29983,-29982,-29983,-29985,-29986,-29986,-29987]} 1. e4 e5 2. Bc4 Nf6 3. d3 Bc5 4. Nf3 Nc6 5. c3 O-O 6. Bg5 h6 {C54: Giuoco Piano: 4 c3 Nf6, main lines with 5 d4 and 5 d3} 7. Bh4 Be7 8. a4 (8. Bg3 d6 9. Nbd2 Na5 10. Bb5 Nh5 11. O-O Nxg3 12. hxg3 a6 13. Ba4 b5 14. Bc2 {0-1 (47) Anand,V (2783)-Dominguez Perez,L (2739) Saint Louis 2017}) 8... d6 9. Nbd2 Nh5 10. Bg3 {LiveBook: 3 Games} g6 11. d4 $146 {[#]} (11. b4 $11) ({Find the theoretical novelty and annotate with similar games:} 11. O-O Bf6 12. a5 a6 13. Re1 Nxg3 14. hxg3 {½-½ (23) Piorun,K (2681)-Banusz,T (2621) Katowice 2016}) 11... Bf6 (11... exd4 $1 $17 12. Nxd4 Bf6) 12. d5 $11 Ne7 13. Qc2 c6 14. dxc6 bxc6 15. Rd1 Kg7 (15... Bg7 $17) 16. O-O $15 Nxg3 17. hxg3 h5 18. Rfe1 Ng8 19. b4 Nh6 20. b5 cxb5 21. axb5 Qc7 22. Bd5 Rb8 23. c4 Rxb5 24. Ra1 Rb8 25. Nb1 Ng4 26. Nc3 a6 27. Reb1 Bd8 28. Rxb8 Qxb8 29. Rb1 (29. c5 $17) 29... Qa7 $19 30. Na4 $2 (30. Qb2) 30... Bd7 31. Nb2 {[#]} Nxf2 $1 {[%mdl 512]} 32. c5 ({Avoid the trap} 32. Qxf2 $2 Bb6 $19) 32... Ng4 33. Nd3 {And now Rb7 would win.} Bb5 34. Rc1 Bxd3 35. Qxd3 {[#]} Bb6 $1 {[%mdl 512]} 36. Qe2 (36. cxb6 Qxb6+) 36... Bxc5+ 37. Kh1 Nf2+ 38. Kh2 Ng4+ 39. Kh1 a5 40. Rb1 Nf2+ 41. Kh2 Ng4+ 42. Kh1 Rb8 43. Rf1 Nf2+ 44. Kh2 Ng4+ 45. Kh1 Ne3 46. Ng5 Nxf1 47. Qxf1 Qe7 48. Qc1 {[#]} Ba3 $1 49. Qd2 (49. Qxa3 Qxg5) 49... Rb2 50. Qe3 Rb1+ {Black mates.} 51. Kh2 Bc5 52. Qf3 Bg1+ 53. Kh3 Be3 {Precision: White = 38%, Black = 65%.} ({Not} 53... Qxg5 54. Qxf7+ Kh6 55. Qf8+ Kh7 56. Qg8+ Kh6 57. Qh8#) 0-1

[Event "FIDE World Cup 2017"]
[Site "Tbilisi"]
[Date "2017.09.11"]
[Round "3.7"]
[White "Matlakov, Maxim"]
[Black "Aronian, Levon"]
[Result "0-1"]
[WhiteElo "2728"]
[BlackElo "2802"]
[Annotator "TA"]
[PlyCount "86"]
[EventDate "2017.??.??"]
[EventType "k.o."]
[EventCountry "GEO"]
[SourceTitle "playchess.com"]
[Source "ChessBase"]
[SourceQuality "1"]

{[%evp 16,86,74,64,68,69,74,50,64,65,62,66,77,83,65,52,67,28,23,18,40,-23,-38,-52,-30,-26,-29,-40,-28,-61,-71,-61,-46,-65,-12,-42,-29,-249,-254,-686,-646,-685,-434,-1113,-1087,-6338,-6049,-29988,-692,-629,-663,-699,-695,-691,-693,-679,-677,-637,-621,-648,-638,-1042,-801,-29983,-29984,-29986,-723,-697,-689,-29997,-29998,-29998,-29999]} 1. d4 Nf6 2. c4 c5 3. d5 g6 4. Nc3 Bg7 5. e4 d6 6. Nf3 O-O 7. h3 Nbd7 8. Bd3 a6 9. a4 {LiveBook: 6 Games. E90: King's Indian: Classical: Early deviations and 6 h3} (9. O-O e5 10. a3 Rb8 11. b4 Qc7 12. Bd2 b5 13. cxb5 c4 14. Bc2 axb5 15. Qe2 Nh5 16. g3 Ndf6 {1-0 (38) Malakhatko,V (2511)-Zozulia,A (2309) Feffernitz 2017}) 9... b6 10. O-O e5 11. a5 $146 {White is better.} ({Predecessor:} 11. dxe6 fxe6 12. Bc2 Ne8 {1-0 (32) Mazara,A (2250)-Ferragut,A (2215) Cuba 1998}) 11... bxa5 12. Qa4 Rb8 13. Qxa5 Qe7 14. Rb1 Nh5 15. Bg5 f6 16. Bd2 Nf4 17. Bc2 f5 18. Bxf4 (18. Kh2 $14) 18... exf4 $11 19. exf5 Ne5 20. Nxe5 Bxe5 21. f3 $1 Qg7 {...Rxb2! is the strong threat.} 22. f6 Qxf6 23. Ne4 Qh4 24. Qe1 g5 ({Black should play} 24... Qxe1 $15 25. Rfxe1 Bf5) 25. Kh2 Bf5 (25... Qh6 $5 {[%cal Rg5g4]} 26. Nxc5 g4 $11) 26. b3 $2 {[#]} (26. Qxh4 $11 gxh4 27. b3) 26... Qh6 $1 $19 27. Bd3 $2 {[#]} (27. Qe2 g4 28. Kh1) 27... g4 $1 28. fxg4 Bxg4 {aiming for ...f3+.} 29. Nf2 (29. Rf3 $142 Bxf3 30. gxf3) 29... f3+ 30. Kg1 fxg2 31. Nxg4 gxf1=Q+ (31... Qxh3 $142 32. Rf5 Bd4+ 33. Qe3 Bxe3+ 34. Nxe3 Qxe3+ 35. Kh2 Kh8 36. Rg1 Rxf5 37. Bxf5 Qf4+ 38. Kxg2 Rg8+ 39. Bg4 Rxg4+ 40. Kh3 Rxg1 41. b4 Qh6#) 32. Bxf1 Qg6 {Threatens to win with ...h5.} 33. Kh1 Rbe8 34. Rd1 h5 35. Bd3 Qg7 36. Nxe5 Rxe5 37. Qh4 {Hoping for Rg1.} Rg5 38. Qe4 Rg3 {[%cal Rg3h3]} 39. Qe6+ Kh8 40. Be4 Rf6 (40... Rg8 $142 41. Qxg8+ Kxg8 42. Bf5 Qe5 43. Rg1 Rxg1+ 44. Kxg1 Qxf5 45. Kg2 h4 46. b4 cxb4 47. c5 dxc5 48. d6 b3 49. d7 Qxd7 50. Kf2 b2 51. Kf3 b1=Q 52. Kg2 Qd2+ 53. Kf3 Qf5#) 41. Qc8+ Qf8 42. Qd7 {[%csl Ge4][%cal Rd7h7]} Rf1+ 43. Kh2 Qf2+ {Precision: White = 32%, Black = 63%.} 0-1

[Event "FIDE World Cup 2017"]
[Site "Tbilisi"]
[Date "2017.09.11"]
[Round "3.8"]
[White "Aronian, Levon"]
[Black "Matlakov, Maxim"]
[Result "1/2-1/2"]
[WhiteElo "2802"]
[BlackElo "2728"]
[Annotator "TA"]
[PlyCount "102"]
[EventDate "2017.??.??"]
[EventType "k.o."]
[EventCountry "GEO"]
[SourceTitle "playchess.com"]
[Source "ChessBase"]
[SourceQuality "1"]

{[%evp 15,102,33,59,18,54,40,58,30,26,24,78,79,84,38,64,47,58,37,26,40,61,0,85,68,175,125,135,19,62,-1,-1,-2,-2,-2,-1,-2,-3,-6,1,0,0,-3,0,0,0,0,0,0,4,0,1,0,40,36,40,6,9,6,17,8,18,6,6,0,0,0,1,0,0,0,0,0,0,0,0,0,0,0,0,0,8,0,0,0,0,0,0,0,0]} 1. d4 Nf6 2. Nf3 c5 3. d5 g6 4. Nc3 Bg7 5. e4 d6 6. Bb5+ Bd7 7. a4 Na6 8. O-O {A43: Schmid Benoni} Nc7 {LiveBook: 15 Games} 9. h3 Nxb5 $146 ({Find the theoretical novelty and annotate with similar games:} 9... O-O 10. Bf4 Nxb5 11. axb5 Nh5 12. Bg5 Bxc3 13. bxc3 Bxb5 14. Re1 f6 15. Bh6 Re8 {0-1 (32) Davletbayeva,M (2266)-Kostenko,P (2420) Pavlodar 2015}) 10. axb5 {White is slightly better.} O-O 11. e5 dxe5 12. Nxe5 Bf5 (12... Ne8 $11 13. Qe2 (13. Nxd7 Qxd7 14. b6 Nd6 $11) 13... Nd6) 13. Re1 $16 Ne8 14. Bf4 Nd6 15. Qe2 Re8 16. Nc4 (16. g4 $5 {[%cal Rg4f5]} Bd7 17. Kg2 $14) 16... Nxc4 17. Qxc4 b6 18. Be5 (18. g4 $14 e5 19. Bg3 (19. gxf5 exf4 20. Rxe8+ Qxe8 $11)) 18... Bh6 (18... Bxc2 $11 {keeps the balance.} 19. Bxg7 Kxg7) 19. Re2 Qc8 (19... Bc8 $14) 20. Rae1 Bf8 21. Ne4 (21. Qf4 $16) 21... a6 22. Bc3 (22. Nc3 $14) 22... axb5 $11 23. Qxb5 {[#] Hoping for Nf6+!} Bxe4 $1 24. Rxe4 Rd8 25. Qxb6 Rxd5 26. Re5 Rxe5 27. Rxe5 e6 28. Qb5 Qd8 29. Re1 Qd5 30. Qe2 Rd8 31. Qe4 Qg5 32. Qe3 (32. f4 $5 {[%cal Rf4g5]} Qd5 33. Qe5 Qxe5 34. fxe5 $11) 32... Qf5 33. Qe4 (33. b3 {is interesting.} h6 34. Qe5 Qxe5 35. Rxe5 Ra8 36. Kf1) 33... Be7 34. Qxf5 gxf5 $14 {[%mdl 4096] Endgame KRB-KRB} 35. g4 fxg4 {The position is equal.} 36. hxg4 Rd5 37. Kg2 h5 38. gxh5 Rxh5 39. Rh1 Rg5+ 40. Kf1 {[%csl Gc3][%cal Rh1h8] [#]} f6 41. Rg1 Rg7 42. Rxg7+ Kxg7 $11 {KB-KB} 43. Ke2 Kg6 44. f3 Kf5 45. b3 e5 46. Bd2 Ke6 47. Kd3 f5 48. Be1 Kd5 49. Bd2 e4+ 50. fxe4+ fxe4+ 51. Ke2 c4 {Precision: White = 53%, Black = 56%.} 1/2-1/2